Database Management System (Record no. 15330)

MARC details
000 -LEADER
fixed length control field 00404nam a2200157Ia 4500
008 - FIXED-LENGTH DATA ELEMENTS--GENERAL INFORMATION
fixed length control field 221030s9999 xx 000 0 und d
020 ## - INTERNATIONAL STANDARD BOOK NUMBER
ISBN 8131765586
041 ## - LANGUAGE CODE
Language code of text/sound track or separate title
100 ## - MAIN ENTRY--AUTHOR NAME
Personal name S. K. Singh
245 #0 - TITLE STATEMENT
Title Database Management System
Statement of responsibility, etc by S. K. Singh, T. Conolly
260 ## - PUBLICATION, DISTRIBUTION, ETC. (IMPRINT)
Name of publisher Pearson Edcuation
Place of publication New Delhi
Year of publication 2013
300 ## - PHYSICAL DESCRIPTION
Number of Pages 8.40
650 ## - SUBJECT ADDED ENTRY--TOPICAL TERM
Topical Term BE Computer
700 ## - ADDED ENTRY--PERSONAL NAME
Personal name T. Conolly
942 ## - ADDED ENTRY ELEMENTS (KOHA)
Koha item type Books
Holdings
Accession Number Cost, normal purchase price Bill Date Source of acquisition Price effective from Koha item type Withdrawn / writtenoff status Materials specified (bound volume or other part) Damaged status Not for loan Permanent Location Current Location Shelving location Date acquired Lost/ Missing status department
BE 13681 350.00 10986 RKB 10/30/2022 Books   Print   Not For Loan MIET Library, Jammu MIET Library, Jammu BL-Academic Block B, FL-2, CUP-169, SH-4, R-4 10/19/2014   BE
BE 13682 350.00 10986 RKB 10/30/2022 Books   Print     MIET Library, Jammu MIET Library, Jammu BL-Academic Block B, FL-2, CUP-46, SH-2, R-2 10/19/2014   BE